000 00651nam a2200181 i 4500
001 68674
003 ES-MaACL
005 20230906170331.0
007 t|
008 960827s1881 sp ||||1| spa d
040 _aCAM
_bspa
_cCAM
100 1 _aGesta y Leceta, Marcelino.
_956527
245 1 0 _aDiscurso leido para su presentación en la Sociedad Económica Matritense el día 5 de febrero de 1881 /
_cpor Marcelino Gesta y Leceta.
260 _aMadrid :
_b[s.n.],
_c1881 (
_fImpr. García y Caravera)
300 _a14 p. ;
_c23 cm.
500 _aTema: La educación de la infancia en sus relaciones con la higiene.
852 _aES-MaACL
_jT-355-F-3
999 _c68674
_d68674